[Event "45th Olympiad 2024"]
[Site "Budapest HUN"]
[Date "2024.09.22"]
[Round "11.79"]
[Board "1"]
[White "Gontcharov, Serguei"]
[Black "Sihlongonyane, Sikhanyiso"]
[Result "0-1"]
[WhiteElo "1927"]
[BlackElo "1813"]
[PlyCount "158"]
[EventDate "2024.09.11"]
[WhiteTeam "Bermuda"]
[BlackTeam "Eswatini"]
[WhiteTeamCountry "BER"]

1. e4 c5 2. Nf3 d6 3. d4 cxd4 4. Nxd4 Nf6 5. Nc3 a6 6. h3 e5 7. Nde2 Be6 8. g4 Be7 9. Bg2 b5 ({RR} 9... Nbd7 10. Ng3 Nb6 11. Nf5 O-O 12. O-O Ne8 13. Nxe7+ Qxe7 14. b3 Rc8 15. Ne2 Nd7 16. a4 Nc7 17. a5 Nb8 18. c4 Rfd8 19. f4 exf4 20. Bxf4 Nc6 21. Qd2 Rd7 22. Rad1 Ne8 23. Bg5 f6 24. Be3 {1-0 Svidler,P (2735)-Benitah,Y (2385) FRA Cup qf Marseilles 2010 (1)}) 10. O-O ({RR} 10. Ng3 Nbd7 11. Be3 Nb6 12. b3 Rc8 13. Qd3 Qc7 14. Bd2 d5 15. g5 Nxe4 16. Ngxe4 dxe4 17. Bxe4 Rd8 18. Qe2 Bxg5 19. Bd3 Bxd2+ 20. Qxd2 O-O 21. Rg1 f5 22. f3 e4 23. fxe4 f4 24. O-O-O Qe5 {0-1 Gallego Alcaraz,A (2495)-Tsyhanchuk,S (2273) Titled Tue 23rd May Early 2023 (1)}) 10... O-O 11. Ng3 g6 $146 ({RR} 11... b4 12. Nd5 Nxd5 13. exd5 Bd7 14. Be4 a5 15. a3 bxa3 16. Rxa3 Na6 17. Be3 g6 18. Bh6 Re8 19. Qd2 Nc5 20. Bg2 Bf8 21. Bxf8 Rxf8 22. Qh6 Rb8 23. f4 exf4 24. Rxf4 Rxb2 25. Raf3 Qe7 26. Kh2 {1-0 Babazada,K (2427)-Martin Duque,J (2411) Titled Tuesday intern op 01st Mar Late blitz 2022 (2)}) 12. Kh1 Nbd7 13. Nd5 Bxd5 14. exd5 Nb6 15. f4 exf4 16. Bxf4 Nfd7 17. c3 Nc4 18. b3 Nce5 19. a4 Qc7 20. axb5 axb5 21. Qd4 Rfc8 22. Ne4 Ra5 23. Bd2 Rca8 24. Rxa5 Rxa5 25. c4 Ra2 26. cxb5 Qb7 27. Nc3 Ra3 28. b4 Qa7 29. Qxa7 Rxa7 30. Be4 Nc4 31. Bf4 Bf6 32. Ne2 g5 33. Bg3 Rb7 34. Bf5 Kg7 35. Rc1 Nde5 36. Nc3 Na3 37. Ne4 Nxb5 38. Bxe5 Bxe5 39. Nxg5 Bf4 40. Rc6 Bxg5 41. Bd3 Bf4 42. Kg2 Nd4 43. Rc4 Be5 44. Kf2 Nb5 45. g5 Bd4+ 46. Kf3 f6 47. h4 Be5 48. Rg4 Nc3 49. gxf6+ Kxf6 50. Rg8 Rxb4 51. Bxh7 Rxh4 52. Bc2 Rh3+ 53. Kf2 Rh2+ 54. Rg2 Nxd5 55. Rxh2 Bxh2 56. Be4 Ke5 57. Bh1 Kd4 58. Ke2 Nc3+ 59. Kf3 Ne4 60. Bg2 d5 61. Kg4 Ke3 62. Kf5 Ng3+ 63. Kg4 d4 64. Bc6 d3 65. Kh3 d2 66. Ba4 Nf1 67. Kg2 Ke2 68. Bb5+ Ke1 69. Ba4 Bc7 70. Kf3 Bb6 71. Ke4 Ke2 72. Bb5+ Kd1 73. Kd3 Kc1 74. Ba4 Ne3 75. Bb3 Nd1 76. Ke2 Nb2 77. Kf3 Nd3 78. Ke2 Nc5 79. Bd1 Ba5 0-1

[Event "45th Olympiad 2024"]
[Site "Budapest HUN"]
[Date "2024.09.22"]
[Round "11.79"]
[Board "2"]
[White "Mbongeni, Mabuza"]
[Black "Lill, Sami"]
[Result "1-0"]
[WhiteElo "1784"]
[BlackElo "1902"]
[PlyCount "103"]
[EventDate "2024.09.11"]
[WhiteTeam "Eswatini"]
[BlackTeam "Bermuda"]
[BlackTeamCountry "BER"]

1. d4 Nf6 2. c4 e6 3. Nf3 d5 4. g3 Be7 5. Bg2 O-O 6. cxd5 ({RR} 6. Bf4 dxc4 7. Qc2 c6 8. Qxc4 b5 9. Qc2 Bb7 10. O-O Nbd7 11. Nc3 Rc8 12. Ne5 Nxe5 13. Bxe5 Qb6 14. Qb3 Rfd8 15. Rad1 Nd7 16. Bf4 b4 17. Na4 Qb5 18. Qc2 Ba6 19. Bf3 e5 20. dxe5 Nxe5 {½-½ Eljanov,P (2755)-Karjakin,S (2760) Moscow Tal Memorial 5th 2010 (7)}) 6... exd5 7. O-O h6 ({RR} 7... Be6 8. Qb3 Qc8 9. Re1 c6 10. Nc3 Ne4 11. Ne5 Nd6 12. Bf4 Nd7 13. Nxd7 Qxd7 14. Qd1 Bf6 15. Na4 b6 16. Rc1 Rac8 17. b3 Nf5 18. Be5 Bxe5 19. dxe5 d4 20. Qd3 Ne7 21. Nb2 c5 22. Nc4 {0-1 Reolon,V (1527)-Vassallo,M (1726) 7th Marcel Duchamp Cup 2024 (2.47)}) 8. Ne5 $146 ({RR} 8. Nbd2 Nc6 9. b3 Re8 10. Bb2 Bf5 11. a3 Bd6 12. Rc1 Qd7 13. Re1 a6 14. b4 Rad8 15. Qb3 Bh3 16. Bh1 Qf5 17. Nh4 Qc8 18. Bxd5 Nxd5 19. Qxd5 Bxb4 20. Qf3 Bxd2 21. d5 Ne7 22. e4 Bxc1 {0-1 Yavo Tchetche,M-Eshete,R (1508) Olympiad Women-43 2018 (5.66)}) ({RR} 8. Nc3 c6 9. e3 Bf5 10. Qb3 Qb6 11. Nd2 Na6 12. a3 Qxb3 13. Nxb3 Rad8 14. Na5 Rd7 15. b4 Re8 16. Nb3 Bf8 17. Nd2 Nb8 18. Bb2 Rdd8 19. Rfe1 Nbd7 20. Rac1 Nb6 21. Bf1 a6 22. Be2 Nc8 {0-1 D'Ettorre,I-Vigano,M (2170) Crema op 02nd 2000 (6)}) ({RR} 8. Nc3 c6 9. Qc2 Be6 10. Re1 Re8 11. e4 dxe4 12. Nxe4 Nxe4 13. Qxe4 Nd7 14. Rd1 Nf6 15. Qd3 Nd5 16. Bd2 Bf6 17. Bc3 Qc7 18. Qc2 Rad8 19. Rd2 Qc8 20. Qd1 Bg4 21. Qf1 Qf5 22. Ne5 Bxe5 {0-1 Hoelzel,G (1550)-Zimmermann,M (1940) Schleswig Holstein-ch Seniors op 2014 (1)}) 8... Nbd7 9. f4 c6 10. Nc3 a6 11. Qd3 Re8 12. b3 Bb4 13. Bb2 Rb8 14. e3 Qc7 15. a3 Bd6 16. Rac1 Qd8 17. h3 Qe7 18. b4 Nb6 19. Kh2 Nfd7 20. Rce1 Nf8 21. Bc1 f6 22. Nf3 g6 23. e4 Qg7 24. e5 Bf5 25. Qd1 Bc7 26. g4 Bd7 27. Qd3 f5 28. gxf5 Bxf5 29. Qe2 Qe7 30. Rg1 Ne6 31. Qf2 Bd8 32. Bf1 Kh7 33. Qe3 Nd7 34. Bd3 Ng7 35. Ne2 Qe6 36. Rg2 Nf8 37. Reg1 Rc8 38. Ng3 Rc7 39. h4 Rf7 40. h5 Bxd3 41. Qxd3 Kh8 42. hxg6 Nxg6 43. f5 Nxf5 44. Nxf5 Rxf5 45. Rxg6 Rh5+ 46. Kg2 Qh3+ 47. Kf2 Bh4+ 48. Ke2 Rf8 49. Bxh6 Re8 50. Bg7+ Kh7 51. R6g5+ Kg8 52. Rxh5 1-0

[Event "45th Olympiad 2024"]
[Site "Budapest HUN"]
[Date "2024.09.22"]
[Round "11.79"]
[Board "3"]
[White "Gontcharov, Dimitri"]
[Black "Nxumalo, Vuyo"]
[Result "1-0"]
[WhiteElo "1653"]
[BlackElo "1746"]
[PlyCount "127"]
[EventDate "2024.09.11"]
[WhiteTeam "Bermuda"]
[BlackTeam "Eswatini"]
[WhiteTeamCountry "BER"]

1. e4 e5 2. Nf3 Nc6 3. d4 exd4 4. Nxd4 Bc5 5. Be3 Qf6 6. c3 Nge7 7. Bc4 Ne5 8. Be2 d6 9. O-O h5 10. Nb5 O-O 11. Bxc5 dxc5 12. Nxc7 Rb8 13. Nd5 ({RR} 13. Bxh5 Qf4 14. Nd5 Nxd5 15. Qxd5 Be6 16. Qd2 Qxe4 17. Qe2 Qf5 18. f4 Nd3 19. g3 c4 20. Bf3 Rfe8 21. Qg2 Qb5 22. Na3 Qb6+ 23. Kh1 Qxb2 24. Qxb2 Nxb2 25. Rab1 Na4 26. Rfc1 Nc5 27. Nb5 Bf5 {½-½ Hladky,T (2119)-Horak,J (2161) CZE-ch Usti nad Labem 2022 (8)}) 13... Nxd5 14. Qxd5 $146 ({RR} 14. exd5 Bg4 15. Nd2 Rfe8 16. Bxg4 Nxg4 17. h3 Nh6 18. Re1 Qf5 19. Rxe8+ Rxe8 20. Nc4 Qf4 21. Ne3 Nf5 22. Nxf5 Qxf5 23. Qd2 Qe5 24. Rd1 Qe2 25. Qxe2 Rxe2 26. Kf1 Re5 27. f4 Re4 28. g3 Kf8 {1-0 Rogovsky,A-Salimov,A Dnipropetrovsk Sinitsin Memorial 6th 2007 (6.3)}) 14... b6 15. f4 Ng6 16. Qd2 Bb7 17. e5 Qh4 18. Na3 Rfd8 19. Qe3 Ne7 20. Rad1 Nf5 21. Qf2 g6 22. Qxh4 Nxh4 23. g3 Nf5 24. Kf2 Kg7 25. Nb5 a6 26. Nc7 b5 27. Bf3 Bxf3 28. Kxf3 Rdc8 29. Nd5 Kf8 30. Nf6 Rb7 31. Rd2 Ke7 32. Rfd1 Nh6 33. h3 b4 34. c4 Nf5 35. Rd7+ Rxd7 36. Rxd7+ Kf8 37. Ra7 Nd4+ 38. Ke4 Rd8 39. Nd5 h4 40. g4 Ne2 41. Kf3 Nd4+ 42. Ke3 Re8 43. Rxa6 g5 44. Nf6 gxf4+ 45. Kxf4 Ne6+ 46. Kf5 Rd8 47. Nd5 Kg7 48. Ra7 Nd4+ 49. Ke4 Ne6 50. Kf5 Nd4+ 51. Kg5 Nf3+ 52. Kf4 Nd4 53. g5 Rh8 54. Ne7 Ne6+ 55. Kg4 Rd8 56. Nf5+ Kg6 57. Nxh4+ Kg7 58. Nf5+ Kg6 59. h4 Rd2 60. h5+ Kh7 61. g6+ Kg8 62. Rxf7 Rxb2 63. Nh6+ Kh8 64. Rh7# 1-0

[Event "45th Olympiad 2024"]
[Site "Budapest HUN"]
[Date "2024.09.22"]
[Round "11.79"]
[Board "4"]
[White "Mtsetfwa Philani"]
[Black "Dennis, Nathan"]
[Result "1-0"]
[WhiteElo "1688"]
[BlackElo "1828"]
[PlyCount "73"]
[EventDate "2024.09.11"]
[WhiteTeam "Eswatini"]
[BlackTeam "Bermuda"]
[BlackTeamCountry "BER"]

1. d4 d5 2. Bf4 Nf6 3. e3 c5 4. c3 Nc6 5. Nf3 Qb6 6. Qb3 c4 7. Qc2 Bf5 8. Qxf5 Qxb2 9. Be2 e6 10. Qh3 Qxa1 11. O-O Qxa2 12. Nbd2 ({RR} 12. Ng5 Qxe2 {0-1 Ai,E (2150)-Rastbod,A (2270) Titled Tue 16th Jul Late 2024 (5)}) 12... Ne4 $146 ({RR} 12... Be7 13. g4 b5 14. Bd1 Ne4 15. Nxe4 dxe4 16. Ng5 Bxg5 17. Bxg5 Qb2 18. Qg2 Qxc3 19. Qxe4 Rc8 20. Bc2 Nb4 21. Bb1 Qb3 22. Bf4 c3 23. Bd6 Nc6 24. Bc5 Qd5 25. Qf4 a5 26. Be4 Qd7 27. d5 {0-1 Lissowska,A (1810)-Madl,I (2060) EU-ch U20 Girls 1984}) ({RR} 12... Be7 13. e4 Nxe4 14. Bxc4 dxc4 15. Nxe4 O-O 16. Nfg5 Bxg5 17. Nxg5 h6 18. Ne4 Qc2 19. Re1 f5 20. Nc5 e5 21. Bxh6 gxh6 22. Qxh6 f4 23. Ne4 Rf7 24. d5 Ne7 25. d6 Nf5 26. Qg6+ Kf8 27. Ng5 {1-0 Jumabayev,R (2637)-Maksimenko,V (2239) Titled Tuesday intern op 06th Apr blitz 2021 (4)}) ({RR} 12... Qc2 13. Rb1 Ne4 14. Rd1 Nxc3 15. Re1 Nxe2+ 16. Rxe2 c3 17. e4 cxd2 18. Nxd2 Qd1+ 19. Nf1 Qxe2 20. Ng3 Qe1+ 21. Nf1 Qxe4 22. Be3 Nxd4 23. Nd2 Qd3 24. Qh4 Nf5 25. Qa4+ b5 26. Qf4 Bd6 27. Qf3 {0-1 Sato,L (1542)-Noseda,F (1959) Florianopolis op 3rd 2017 (5)}) 13. Bxc4 Qc2 14. Nxe4 Qxe4 15. Bb5 Be7 16. Ne5 O-O 17. Bd3 Nxe5 18. Bxe4 dxe4 19. Bxe5 Rfc8 20. Qg4 Bf8 21. Qxe4 b5 22. g4 a5 23. Qb7 b4 24. cxb4 Bxb4 25. d5 exd5 26. Rd1 Re8 27. Rxd5 Bf8 28. Rd7 f6 29. Bxf6 gxf6 30. Qd5+ Kh8 31. Qf7 Be7 32. Rxe7 Rxe7 33. Qxe7 a4 34. Qxf6+ Kg8 35. Qe6+ Kg7 36. Qd7+ Kh8 37. Qd4+ 1-0

[Event "45th Olympiad 2024"]
[Site "Budapest HUN"]
[Date "2024.09.22"]
[Round "11.80"]
[Board "1"]
[White "Prudente, Elmer"]
[Black "Houssein, Mohamed Bilal"]
[Result "1-0"]
[WhiteElo "1949"]
[BlackElo "1870"]
[PlyCount "125"]
[EventDate "2024.09.11"]
[WhiteTeam "Guam"]
[BlackTeam "Djibouti"]
[WhiteTeamCountry "GMA"]
[BlackTeamCountry "DJI"]

1. e4 c5 2. Nf3 d6 3. d4 cxd4 4. Nxd4 Nf6 5. Nc3 a6 6. Be2 e5 7. Nb3 Be7 8. O-O Be6 9. Be3 Nbd7 10. f3 Rc8 11. Qd2 b5 12. Rad1 ({RR} 12. a4 b4 13. Nd5 a5 14. Nxe7 Qxe7 15. Nxa5 O-O 16. Bb5 Nb8 17. Qxb4 Rxc2 18. Bd3 Rc7 19. Bb6 Rcc8 20. Rac1 Nfd7 21. Be3 Nc5 22. Bb5 Rc7 23. Rfd1 Rfc8 24. Nc4 Nba6 25. Bxa6 Nxa6 26. Qxd6 Bxc4 {1-0 Sairam,P (1984)-Gurner,J (2039) Titled Tue 16th Jul Early 2024 (3)}) 12... O-O 13. Kh1 Qc7 14. a3 $146 ({RR} 14. Rc1 Nb6 15. Bxb6 Qxb6 16. Nd5 Nxd5 17. exd5 Bf5 18. Bd3 Bxd3 19. Qxd3 Bg5 20. Rcd1 a5 21. Nd2 f6 22. Ne4 Bf4 23. g3 Bh6 24. g4 f5 25. gxf5 Rc4 26. c3 Rc7 27. Rg1 Kh8 28. Rg4 Rcf7 {½-½ Kalra,J-Emmanuel,J (2068) Kasparov CF University Cup rapid 2022 (9.178)}) 14... Nb6 15. Bxb6 Qxb6 16. Nd5 Nxd5 17. exd5 Bf5 18. Bd3 Bxd3 19. Qxd3 f5 20. f4 e4 21. Qd4 Qc7 22. c3 Bf6 23. Qe3 a5 24. Nd4 Bxd4 25. Rxd4 Qc5 26. Qd2 Rb8 27. Re1 Rfc8 28. g4 g6 29. Qg2 Kh8 30. Rg1 Rg8 31. Qh3 Rbf8 32. gxf5 gxf5 33. Rxg8+ Kxg8 34. Qh6 Qc7 35. Qe6+ Kh8 36. Rd1 Qd8 37. Rg1 Re8 38. Qf7 Rg8 39. Rxg8+ Qxg8 40. Qxf5 Qe8 41. Kg2 Kg7 42. Kf2 Qg6 43. Qd7+ Kh6 44. Qh3+ Kg7 45. Qg3 Kf6 46. Ke3 Qf5 47. Qg8 Qh3+ 48. Kxe4 Qf5+ 49. Ke3 Qh3+ 50. Qg3 Qf1 51. Qh4+ Kg6 52. Qg5+ Kf7 53. Qf5+ Kg8 54. Qe6+ Kg7 55. Qe7+ Kg8 56. Qxd6 Qe1+ 57. Kd4 Qf2+ 58. Ke5 Qxh2 59. Qd8+ Kg7 60. Qf6+ Kg8 61. Ke6 Qh3+ 62. Ke7 Qe3+ 63. Qe6+ 1-0

[Event "45th Olympiad 2024"]
[Site "Budapest HUN"]
[Date "2024.09.22"]
[Round "11.80"]
[Board "2"]
[White "Omar, Aden Omar"]
[Black "Tran, Tuan An"]
[Result "0-1"]
[WhiteElo "1779"]
[BlackElo "1916"]
[PlyCount "78"]
[EventDate "2024.09.11"]
[WhiteTeam "Djibouti"]
[BlackTeam "Guam"]
[WhiteTeamCountry "DJI"]
[BlackTeamCountry "GMA"]

1. e4 e6 2. d4 d5 3. Nd2 c5 4. c3 cxd4 5. cxd4 dxe4 6. Nxe4 Bd7 7. Bd3 Bc6 8. Nf3 Nd7 ({RR} 8... Nf6 9. Nxf6+ Qxf6 10. Bg5 Bxf3 11. Qd2 Bb4 12. Qxb4 Qxg5 13. gxf3 Nd7 14. Qxb7 Rb8 15. Qxa7 Rxb2 16. Qa8+ Rb8 17. Qe4 Ke7 {0-1 Orozbaev,E (2298)-Perossa,N (2277) Titled Tue 23rd Jan Early 2024 (1)}) 9. O-O Ngf6 10. Bg5 $146 ({RR} 10. Qe2 Bxe4 11. Bxe4 Nxe4 12. Qxe4 Qb6 13. Bg5 h6 14. Bh4 g5 15. d5 f5 16. Qa4 Qb4 17. Qd1 e5 18. Re1 Bg7 19. Nxe5 Nxe5 20. f4 O-O 21. fxe5 Qxh4 22. d6 Qc4 23. e6 Rfe8 24. e7 Bxb2 {1-0 Hoolt,S (2220)-Bobula,M (2410) Cappelle op 24th 2008 (2)}) ({RR} 10. Qe2 Be7 11. h3 O-O 12. a3 Rc8 13. Bf4 Qb6 14. b4 Nxe4 15. Bxe4 Bxe4 16. Qxe4 Nf6 17. Qe2 Nd5 18. Bd2 Bf6 19. Qd3 Rfd8 20. Rac1 Rxc1 21. Rxc1 h6 22. Qc4 Be7 23. Ne5 Bd6 24. Nd3 Bb8 {½-½ Cervello Tost,R (2012)-Gomez Pardo Gordillo,V (2152) Hospitalet de Llobregat Ponce 3rd 2017 (4)}) ({RR} 10. Qe2 Be7 11. Ne5 Bxe4 12. Bxe4 Nxe4 13. Qxe4 Rb8 14. d5 Nxe5 15. Qxe5 Bf6 16. Qg3 O-O 17. dxe6 {½-½ Teclaf,P (2514)-Sonis,F (2501) Warsaw op-A 2021 (5)}) 10... Be7 11. Ned2 Nd5 12. Bxe7 Qxe7 13. Nc4 Nf4 14. Nce5 Nxe5 15. Nxe5 Qg5 16. Qg4 Qxg4 17. Nxg4 Nxd3 18. f4 h5 19. Ne3 O-O-O 20. f5 Rxd4 21. Rad1 Rhd8 22. Rd2 Ne5 23. Rc2 Rd2 24. Rf2 Rxc2 25. Rxc2 Ng4 26. Nxg4 hxg4 27. fxe6 f5 28. Kf2 Re8 29. b4 Kb8 30. Rc5 Rxe6 31. Rxf5 Rf6 32. Rxf6 gxf6 33. g3 Bd5 34. a3 Kc7 35. Ke3 b5 36. Kf4 Be6 37. Ke3 Kd6 38. Kd3 Kd5 39. Kd2 Kd4 0-1

[Event "45th Olympiad 2024"]
[Site "Budapest HUN"]
[Date "2024.09.22"]
[Round "11.80"]
[Board "3"]
[White "Combs, Daniel"]
[Black "Mohamed, Ali Dima"]
[Result "1/2-1/2"]
[WhiteElo "1688"]
[BlackElo "1761"]
[PlyCount "144"]
[EventDate "2024.09.11"]
[WhiteTeam "Guam"]
[BlackTeam "Djibouti"]
[WhiteTeamCountry "GMA"]
[BlackTeamCountry "DJI"]

1. e4 e5 2. Nf3 Nf6 3. Nc3 Bb4 4. Bc4 O-O 5. d3 d6 6. O-O Nc6 7. h3 Na5 ({RR} 7... Be6 8. Bb3 Bxc3 9. bxc3 Ne7 10. Re1 Ng6 11. d4 Qe7 12. a4 c5 13. dxe5 dxe5 14. Bd5 Bxd5 15. exd5 Rad8 16. c4 Ne8 17. a5 Nd6 18. Qe2 Rfe8 19. Be3 Qc7 20. Nd2 f5 21. f3 b6 22. Reb1 {1-0 Dimakiling,O (2409)-Sergeyev,A (2395) Titled Tuesday intern op 14th July blitz 2020 (8)}) ({RR} 7... Re8 8. Bg5 h6 9. Bh4 Be6 10. Bxe6 Rxe6 11. a3 Bxc3 12. bxc3 d5 13. d4 Qd6 14. dxe5 Nxe5 15. Nd2 dxe4 16. Re1 Rd8 17. Re2 Qc6 18. Qe1 g5 19. Bg3 Nc4 20. Nxc4 Qxc4 21. Rd1 Rxd1 22. Qxd1 {0-1 Akkoyun,O-Paksoy,B ch-TUR w 2024 (5.31)}) 8. Bb3 Nxb3 9. axb3 h6 $146 ({RR} 9... Be6 10. Bd2 a6 11. Na4 Bxd2 12. Qxd2 Nh5 13. Qg5 Nf4 14. Qxd8 Raxd8 15. Nc3 f5 16. Ng5 Bd7 17. g3 Ne6 18. Nxe6 Bxe6 19. Kg2 fxe4 20. dxe4 Rf6 21. Nd5 Bxd5 22. exd5 Rdf8 23. Rae1 Rf3 24. Rd1 {½-½ Dutka,J (1996)-Cokreva,G (1777) FRM-chT (Women) 2021 (1.3)}) ({RR} 9... Re8 10. Bd2 d5 11. exd5 Nxd5 12. Nxd5 Bxd2 13. Qxd2 Qxd5 14. Rfe1 c5 15. c3 Qxb3 16. d4 h6 17. Nxe5 cxd4 18. cxd4 Bf5 19. d5 Rad8 20. d6 Qb5 21. Qf4 Qxb2 22. Qxf5 f6 23. Nc4 Qc3 24. Rec1 {1-0 Fissmer,C-Nunes,A Brasilia Taca op 2006 (2)}) 10. Re1 Be6 11. Be3 d5 12. exd5 Nxd5 13. Bd2 Bd6 14. Nxd5 Bxd5 15. Nxe5 Qf6 16. Nd7 Qg6 17. Qg4 Qxg4 18. hxg4 Rfd8 19. Ne5 a6 20. Nc4 Bf8 21. Bc3 b5 22. Ne3 Bb7 23. Be5 Bd6 24. Bxd6 Rxd6 25. Nf5 Rdd8 26. Re7 Rac8 27. Rae1 Kf8 28. f3 Bd5 29. R7e3 Be6 30. Ng3 c5 31. Ne4 c4 32. bxc4 bxc4 33. dxc4 Rxc4 34. Rc3 Rcd4 35. b3 f5 36. Nc5 Bc8 37. gxf5 Bxf5 38. Nxa6 R8d6 39. Nc7 Rd2 40. g4 Rg6 41. Kf1 Bxc2 42. Ne6+ Kf7 43. Rc7+ Kg8 44. Rc8+ Kf7 45. Nd8+ Kf6 46. Rxc2 Rxc2 47. Re6+ Kg5 48. Nf7+ Kf4 49. Rxg6 Rc3 50. Rxg7 Rxb3 51. Nxh6 Kxf3 52. Rf7+ Kg3 53. g5 Rb6 54. Rf6 Rb1+ 55. Ke2 Kh4 56. Nf7 Rg1 57. Rh6+ Kg4 58. g6 Kf5 59. Nh8 Kf6 60. Rh7 Kg5 61. Kf2 Rg4 62. Kf3 Rg1 63. Ra7 Kf5 64. Kf2 Rg4 65. Rf7+ Kg5 66. Rf8 Kh6 67. Rg8 Kh5 68. Re8 Kh6 69. Re7 Kg5 70. Re1 Kf6 71. Kf3 Rg5 72. Kf4 Rh5 1/2-1/2

[Event "45th Olympiad 2024"]
[Site "Budapest HUN"]
[Date "2024.09.22"]
[Round "11.82"]
[Board "1"]
[White "Kudakwashe Chinake"]
[Black "Hasford, John Kojo"]
[Result "1-0"]
[WhiteElo "1859"]
[BlackElo "1956"]
[PlyCount "87"]
[EventDate "2024.09.11"]
[WhiteTeam "Cayman Islands"]
[BlackTeam "Ghana"]
[WhiteTeamCountry "CAY"]
[BlackTeamCountry "GHA"]

1. d4 d6 2. Nc3 g6 3. Bf4 Bg7 4. e4 Nc6 5. Nge2 Bd7 ({RR} 5... e5 6. Be3 exd4 7. Nxd4 Nge7 8. Qd2 O-O 9. O-O-O Re8 10. h4 Ne5 11. f3 a6 12. Bh6 N7c6 13. Bxg7 Kxg7 14. h5 Rh8 15. h6+ Kf8 16. Nd5 Be6 17. Nxe6+ fxe6 18. Qf4+ Nf7 19. Qf6 Qxf6 20. Nxf6 {0-1 Cueto,J (2099)-Perossa,N (2266) Titled Tue 5th Mar Early 2024 (5)}) 6. Qd2 e5 7. dxe5 Nxe5 8. Nd4 $146 ({RR} 8. Ng3 a6 9. Bxe5 dxe5 10. Rd1 Bg4 11. Be2 Qxd2+ 12. Rxd2 Be6 13. O-O h5 14. Nh1 Bh6 15. Rdd1 c6 16. a4 a5 17. Bd3 Nf6 18. Ng3 h4 19. Nge2 g5 20. h3 g4 21. Kh2 gxh3 22. gxh3 Nh5 {0-1 Schmidt,E (1993)-Szenetra,W (2223) Baden Wuerttemberg-ch Seniors op 4th 2018 (2)}) 8... Nc6 9. Nb3 a6 10. O-O-O Nf6 11. f3 O-O 12. Bh6 Be6 13. h4 Re8 14. h5 Qe7 15. Bxg7 Kxg7 16. hxg6 fxg6 17. Qh6+ Kg8 18. Kb1 Qg7 19. Qg5 b5 20. Ne2 Bf7 21. Ned4 Ne5 22. c3 c5 23. Nc2 Rad8 24. Ne3 Nc6 25. Nc1 c4 26. Ne2 Re5 27. Qg3 a5 28. Nd4 Rc5 29. Nxc6 Rxc6 30. e5 Ne8 31. Qg5 Rdc8 32. Ng4 dxe5 33. Nh6+ Kf8 34. Rd7 Nf6 35. Rxf7+ Qxf7 36. Nxf7 Kxf7 37. Qxe5 Rc5 38. Qf4 Rf5 39. Qd4 Rc7 40. Be2 Re7 41. Bd1 Rfe5 42. a4 Rd5 43. Rxh7+ Ke6 44. Qe3+ 1-0

[Event "45th Olympiad 2024"]
[Site "Budapest HUN"]
[Date "2024.09.22"]
[Round "11.82"]
[Board "2"]
[White "Anquandah, Francis Eric"]
[Black "Young, Christopher"]
[Result "1-0"]
[WhiteElo "1941"]
[BlackElo "1758"]
[PlyCount "81"]
[EventDate "2024.09.11"]
[WhiteTeam "Ghana"]
[BlackTeam "Cayman Islands"]
[WhiteTeamCountry "GHA"]
[BlackTeamCountry "CAY"]

1. e4 c5 2. Nf3 e6 3. d4 cxd4 4. Nxd4 a6 5. Bd3 Qc7 6. O-O Nf6 7. Nb3 Be7 8. Nc3 b5 9. Qe2 d6 10. a3 Bb7 11. Be3 $146 ({RR} 11. f4 O-O 12. f5 e5 13. Rf3 Re8 14. Rg3 Nbd7 15. Bh6 Bf8 16. Nd5 Bxd5 17. exd5 e4 18. Qd2 exd3 19. Bxg7 Bxg7 20. Qg5 Nh5 21. Qxh5 f6 22. c3 Nc5 23. Nxc5 Qxc5+ 24. Kh1 Qxd5 25. Qh6 Ra7 {0-1 Guzik,N (1203)-Cebula,A (1622) Solina Mind Sports U14 Girls op  2012 (3)}) 11... Nbd7 12. f3 d5 13. exd5 Nxd5 14. Nxd5 Bxd5 15. Rac1 Rc8 16. Rfd1 O-O 17. Nd2 Ne5 18. Bd4 Bc5 19. Qe3 Nxd3 20. Qxd3 Rfd8 21. Bxc5 Qxc5+ 22. Kh1 Bc4 23. Qe4 Rd4 24. Qe1 e5 25. c3 Rd3 26. Ne4 Qe3 27. Rxd3 Qxd3 28. Rd1 Qc2 29. Rd2 Qa4 30. Nd6 Rf8 31. Qxe5 h6 32. h3 Be6 33. Ne4 Qc4 34. Kh2 Qf1 35. Nc5 Qc1 36. Nxe6 fxe6 37. Qxe6+ Kh8 38. Qd6 Re8 39. Qd7 Re1 40. Qc8+ Kh7 41. Qf5+ 1-0

[Event "45th Olympiad 2024"]
[Site "Budapest HUN"]
[Date "2024.09.22"]
[Round "11.82"]
[Board "3"]
[White "Shaw, Clifford"]
[Black "Anhwere, Bernard"]
[Result "1-0"]
[WhiteElo "1744"]
[BlackElo "1893"]
[PlyCount "27"]
[EventDate "2024.09.11"]
[WhiteTeam "Cayman Islands"]
[BlackTeam "Ghana"]
[WhiteTeamCountry "CAY"]
[BlackTeamCountry "GHA"]

1. e4 c5 2. d4 cxd4 3. c3 dxc3 4. Nxc3 Nc6 5. Nf3 e6 6. Bc4 Bb4 7. O-O Nge7 8. Bf4 d6 ({RR} 8... a6 9. e5 Ng6 10. Bg5 Qa5 11. Ne4 Ncxe5 12. Nxe5 Qxe5 13. Re1 Bxe1 14. Qxe1 f6 15. Bd2 d5 16. Bc3 Qxe4 {0-1 Pasti,A (2361)-Bacrot,E (2667) Titled Tue 2nd May Early 2023 (1)}) ({RR} 8... a6 9. Bd6 O-O 10. Bxb4 Nxb4 11. Qd6 Nbc6 12. Rfd1 Ng6 13. e5 Nh4 14. Rd3 b5 15. Bb3 Nf5 16. Qc5 Qc7 17. Rad1 Qa7 18. Ne4 h5 19. Qc1 Nb4 20. Rc3 Bb7 21. Rxd7 Bxe4 22. Rxa7 Rxa7 23. a3 {0-1 Rodriguez Avila,A (2186)-Swicarz,M (2261) Titled Tue 6th Feb Early 2024 (4)}) 9. Nb5 e5 10. Ng5 $146 ({RR} 10. Be3 a6 11. Nc3 O-O 12. h3 b5 13. Bb3 Bb7 14. Qe2 Bxc3 15. bxc3 Na5 16. Bg5 Qd7 17. Rfd1 h6 18. Nxe5 Qc7 19. Bxe7 Qxe7 20. Ng6 Qxe4 21. Qxe4 Bxe4 22. Nxf8 Rxf8 23. Rxd6 Bb7 24. Bd5 Bc8 {1-0 Grigorjan,D-Kliukin,K RUS-chB U10 Dagomys 2009 (7)}) 10... Rf8 11. Qb3 d5 12. exd5 Na5 13. Qxb4 exf4 14. Rfe1 1-0

[Event "45th Olympiad 2024"]
[Site "Budapest HUN"]
[Date "2024.09.22"]
[Round "11.82"]
[Board "4"]
[White "Fomevor, Cephas Clinton"]
[Black "Tracey, Shaun M"]
[Result "1-0"]
[WhiteElo "1873"]
[BlackElo "1684"]
[PlyCount "119"]
[EventDate "2024.09.11"]
[WhiteTeam "Ghana"]
[BlackTeam "Cayman Islands"]
[WhiteTeamCountry "GHA"]
[BlackTeamCountry "CAY"]

1. d4 e6 2. c4 f5 3. g3 Nf6 4. Bg2 d5 5. Nh3 c6 6. O-O Bd6 7. Qc2 O-O 8. Bf4 Be7 9. Bg5 ({RR} 9. Rd1 h6 10. Nc3 Qe8 11. Rac1 g5 12. Be5 Nbd7 13. f3 Nxe5 14. dxe5 Nd7 15. f4 dxc4 16. Nb1 gxf4 17. gxf4 Nb6 18. Nd2 Nd5 19. Nxc4 Kh8 20. Bf3 Bd7 21. Kh1 Rd8 22. Nd6 Bxd6 23. exd6 e5 {½-½ Aronian,L (2792)-Carlsen,M (2855) Leuven GCT blitz 2016 (10)}) ({RR} 9. Rd1 Ne4 10. f3 Nd6 11. Nd2 g5 12. Be5 Nd7 13. Bxd6 Bxd6 14. e4 g4 15. fxg4 fxe4 16. g5 Qe7 17. Rf1 Rxf1+ 18. Rxf1 Nf8 19. Nf4 Qxg5 20. Bxe4 Bd7 21. Bg2 Ng6 22. Nf3 Qf5 23. Qxf5 exf5 {1-0 Terry,R (2524)-Akobian,V (2572) Titled Tue 7th May Early 2024 (7)}) 9... a5 10. Nf4 $146 ({RR} 10. Nd2 Bd7 11. Nf4 Na6 12. Rac1 Rc8 13. Nf3 Qe8 14. Nd3 c5 15. cxd5 exd5 16. dxc5 Nxc5 17. Qb1 Nce4 18. Be3 Ng4 19. Rxc8 Bxc8 20. Bd4 Qh5 21. h3 Ngf6 22. Nf4 Qf7 23. h4 h6 24. Qd1 Bd6 {1-0 Bartl,U (2024)-Toefferl,H (2142) AUT-chT2M 0910 2009 (11.5)}) 10... Na6 11. a3 Nc7 12. e3 Bd7 13. Nd2 a4 14. Nd3 b5 15. cxd5 cxd5 16. Rac1 Rc8 17. Qb1 Na6 18. Rxc8 Qxc8 19. Rc1 Qb7 20. Nf3 Rc8 21. Nfe5 Bf8 22. Bxf6 gxf6 23. Nxd7 Qxd7 24. Nf4 Rc7 25. Rxc7 Nxc7 26. Qc2 b4 27. axb4 Bxb4 28. Nd3 Bd6 29. Qc3 Qb5 30. Bf1 Qb6 31. Nc5 Qa7 32. Be2 Kf7 33. Bd1 Nb5 34. Qb4 a3 35. bxa3 Nxa3 36. Ba4 Nc4 37. Qb5 Qe7 38. Nb7 Bc7 39. Nc5 Bd6 40. Bd1 Kg6 41. Qc6 Ne5 42. Qc8 Bxc5 43. dxc5 Qd7 44. Qg8+ Kh6 45. Qf8+ Kg6 46. h4 Ng4 47. Bxg4 fxg4 48. Qg8+ Kf5 49. Qa8 Qc7 50. Qa3 e5 51. Qb4 Ke6 52. Qxg4+ f5 53. Qg8+ Kf6 54. Qxd5 e4 55. c6 Qb8 56. Qd4+ Kg6 57. Qd7 Qb1+ 58. Kg2 Qe1 59. Qe6+ Kg7 60. Qxf5 1-0